• 首页
  • 本馆介绍
  • 公告通知
  • 最新文献
  • 馆藏检索
  • 电子资源
  • 读者导购
  • 参考咨询
  • 我的图书馆
  • 登录
  • 详细信息显示
  • 放入我的书架
  • 预约/预借图书
  • 作者相关作品
  • 分类相关作品
  • 丛书相关作品
  • 出版社相关作品

书目信息

  • 表格格式
  • 工作单格式
  • 卡片格式
题名:
胡锦涛在学习《江泽民文选》报告会上的讲话
    
 
作者: 本书编写组编
分册:  
出版信息: 北京   人民日报出版社  2006
页数: 59页
开本: 20cm
丛书名:
单 册:
中图分类: D2-0
科图分类:
主题词: 胡锦涛--讲话--学习参考资料 , 江泽民(1926~)--著作--学习参考资料
电子资源:
ISBN: 7-80208-415-6
000 00648nam0 2200193 450
001 0760349171
005 20070708083906.14
010    @a7-80208-415-6@dCNY5.50
100    @a20070707d2006 km y0chiy0120 ea
101 0  @achi
102    @aCN@b110000
200 1  @a胡锦涛在学习《江泽民文选》报告会上的讲话@Ahu jin tao zai xue xi《jiang ze min wen xuan》bao gao hui shang de jiang hua@f本书编写组编@Fben shu bian xie zu bian
210    @a北京@c人民日报出版社@d2006
215    @a59页@d20cm
606 0  @a胡锦涛@x讲话@x学习参考资料
606 0  @a江泽民(1926~)@x著作@x学习参考资料
690    @aD2-0@v3
801  0 @aCN@bPFT@c20070708
905    @a10447@dD2-0@e115
    
    胡锦涛在学习《江泽民文选》报告会上的讲话/本书编写组编.-北京:人民日报出版社,2006
    59页;20cm
    
    
    ISBN 7-80208-415-6:CNY5.50
    
●
相关链接 在E读中查询图书 在五车中查询图书 在当当中查询图书 在豆瓣中查询图书


正题名:胡锦涛在学习《江泽民文选》报告会上的讲话     索取号:D2-0/115         预约/预借

序号 登录号 条形码 馆藏地/架位号 状态 备注
1 0765941   207659416   第一样本阅览室/ [索取号:D2-0/115] 在馆    
唐山师范学院图书馆 欢迎您!
大连网信软件有限公司© 版权所有